000 00564nam a2200193 a 4500
001 000043206
005 20240530073922.0
008 140225s2004 dr 000 f spa d
040 _aDO-SdBNP
_bspa
_cBNPHU
082 _aRD863.5
_bA211c
100 1 _aAdams, Juan
_970795
245 1 0 _aEl camaleón que se tragó al dragón /
_cJuan Adams.
260 _a[Santo Domingo :
_bs.n.,
_c201?].
300 _a273 p. ;
_c21 cm.
650 0 _aNovela dominicana
_9223
650 0 _aLiteratura dominicana.
_967
910 _aValidado. Control de calidad EMS
049 _aBNPD
999 _c42695
_d42695